000 01279cam a22003254a 4500
001 15251453
003 ARRUPE
005 20160428104439.0
008 080407s2009 nju b 001 0 eng
010 _a 2008015470
020 _a9780691137360 (cloth : alk. paper)
020 _a9780691137377 (pbk. : alk. paper)
040 _aDLC
_cDLC
_dDLC
050 0 0 _aPR9369.3.C58
_bZ86 2009
082 0 0 _a823/.914
_222
100 1 _aMulhall, Stephen,
_d1962-
_924044
245 1 4 _aThe wounded animal :
_bJ. M. Coetzee and the difficulty of reality in literature and philosophy /
_cStephen Mulhall.
260 _aPrinceton :
_bPrinceton University Press,
_cc2009.
300 _ax, 259 p. ;
_c24 cm.
504 _aIncludes bibliographical references (p. [253]-255) and index.
505 0 _aThe lives of animals -- Elizabeth Costello.
600 1 0 _aCoetzee, J. M.,
_d1940-
_xCriticism and interpretation.
_9295
600 1 0 _aCoetzee, J. M.,
_d1940-
_xPhilosophy.
_924045
650 0 _aPhilosophy in literature.
_94752
650 0 _aAnimals (Philosophy)
_922339
650 0 _aLiterature
_xPhilosophy.
_911422
906 _a7
_bcbc
_corignew
_d1
_eecip
_f20
_gy-gencatlg
942 _2lcc
_cMONOGRAPH
999 _c124684
_d124684